Statistics for Taylor Swift - High Infidelity Lyrics

Click here to take the quiz!

General Stats

  • This quiz has been taken 54 times
  • The average score is 341 of 373

Answer Stats

Answer% Correct
29th?
100%
And
100%
and
100%
April
100%
burn
100%
city
100%
Do
100%
have
100%
he
100%
I
100%
in
100%
is
100%
know
100%
me
100%
my
100%
on
100%
The
100%
the
100%
to
100%
was
100%
where
100%
you
100%
You
100%
constellations
96%
count
96%
didn't
96%
eyes?
96%
High
96%
infidelity
96%
it
96%
keeping
96%
love
96%
never
96%
Put
96%
really
96%
records
96%
that
96%
wanna
96%
were
96%
your
96%
Your
96%
around
92%
back
92%
brought
92%
can
92%
chart
92%
dancing
92%
enough
92%
his
92%
how
92%
kill
92%
life?
92%
loving
92%
many
92%
one
92%
regret
92%
said
92%
slowest
92%
tell
92%
them
92%
there's
92%
too
92%
way
92%
ways
92%
At
88%
at
88%
bent
88%
But
88%
different
88%
far
88%
headphones
88%
sharp
88%
time
88%
tonight
88%
truth
88%
as
83%
broken
83%
fence
83%
knives
83%
Oh
83%
oh
83%
picket
83%
spoken
83%
freeloading
79%
good
79%
it's
79%
Lock
79%
slur
79%
husband
75%
thing
75%
Bad
71%
down
71%
house
71%
like
71%
money
71%
omen
71%
right
71%
Seemed
71%
aisle
67%
Dragged
67%
feet
67%
I'd
67%
if
67%
just
67%
lonely
67%
game
63%
token
63%
pay
58%
you'd
58%
hoping
54%
blind
50%
open
50%
coming
46%
Rain
46%
Storm
46%
Wound
46%
soaking
42%

Score Distribution

Percentile by Number Answered

Percent of People with Each Score

Your Score History

You have not taken this quiz